El mago de Oz /
Guardado en:
| Autor principal: | |
|---|---|
| Otros autores: | , |
| Formato: | Libro |
| Idioma: | Español |
| Publicado: |
Santiago, Chile :
Zig-Zag,
2004, c1969
|
| Colección: | (Delfín de Color. Delfín Verde, desde 7 Años)
|
| Temas: | |
| Etiquetas: |
Sin etiquetas, Sé el primero en etiquetar este registro!
|
MARC
| LEADER | 00000nam^a2200000^a^4500 | ||
|---|---|---|---|
| 001 | 000185193 | ||
| 005 | 20250521000000.0 | ||
| 009 | 20260310102141.014 | ||
| 020 | |a 956-12-0895-4 | ||
| 037 | |a Acervo ITESO - Biblioteca | ||
| 041 | |a ESP | ||
| 082 | |a 808. 899282 |b BAU | ||
| 100 | |a Baum, L. Frank |e (autor) | ||
| 240 | 1 | 4 | |a [El mago de Oz] |
| 245 | 1 | 3 | |a El mago de Oz / |c L.F. Baum ; versión de A. Calderón ; il. de A. Jullian. |
| 264 | 4 | |a Santiago, Chile : |b Zig-Zag, |c 2004, c1969 | |
| 300 | |a 94 p. | ||
| 336 | |a texto |b txt |2 rdacontenido | ||
| 337 | |a sin mediación |b n |2 rdamedio | ||
| 338 | |a volumen |b nc |2 rdasoporte | ||
| 440 | 1 | |a (Delfín de Color. |p Delfín Verde, desde 7 Años) | |
| 500 | |a Traducción de: The Wonderful Wizard of Oz | ||
| 545 | 0 | |a Lyman Frank Baum (Chittenango, Nueva York, 1856 – Hollywood, Los Angeles, 1919), escritor norteamericano. Hijo de un magnate del petróleo, fue criador de gallinas, artista, redactor y periodista. En 1897 publicó su primer libro para niños Mother Goose in Prose, compuesto de historias que había contado a sus cuatro hijos. Después comenzó una serie de libros en los que creó un país imaginario, la tierra de Oz, un mundo de personajes mágicos y aventuras alegres. El más famoso de estos libros fue El mago de Oz (1900), que en 1901 adaptó para un gran espectáculo musical. Escribió catorce libros sobre Oz, serie que después de su muerte continuaron varios escritores produciendo veintenas de volúmenes. Victor Fleming la llevó al cine en 1939, con Judy Garland como protagonista. | |
| 649 | |a XX | ||
| 650 | |a Novela Fantástica - |z EUA | ||
| 650 | |a Novela Norteamericana | ||
| 650 | |a Literatura Infantil - |z EUA | ||
| 650 | |a Literatura Fantástica - |z EUA | ||
| 650 | |a Literatura Norteamericana - |y Siglo XX | ||
| 700 | |a Calderón, Alfonso |e (versión) | ||
| 700 | |a Jullian, Andrés |e (ilustración) | ||
| 910 | |a Fondo General | ||
| 920 | |a Impresos - Libros | ||
| 930 | |a Colección General | ||
| 940 | |a Literatura | ||
| 905 | |a 101 | ||
| 901 | |a 0500126296 |b IT1 |c LIT |u 20250521 | ||
| 901 | |a 0500126293 |b IT1 |c LIT |u 20250521 | ||
| 902 | |a https://opac.biblio.iteso.mx/vufind/Record/000185193 | ||